| 000 | 00499cam a22001817 4500 | ||
|---|---|---|---|
| 001 | ltf91064197 | ||
| 003 | DLC | ||
| 005 | 20260227111554.0 | ||
| 008 | 910701s1926 fr 000 0 fre | ||
| 010 | _altf91064197 | ||
| 040 |
_aDLC _cDLC _dDLC |
||
| 050 | 0 | 0 | _a4PR 152 |
| 100 | 1 |
_aConrad, Joseph, _d1857-1924. |
|
| 245 | 1 | 2 |
_aL'aventure _b(Romance). _cPar Joseph Conrad et Ford Madox Ford. Traduction de Marc Chadourne. |
| 250 | _a5. éd. | ||
| 260 |
_aParis, _bS. Kra _c[1926] |
||
| 300 | _a451 p. | ||
| 999 |
_c37649 _d37649 |
||